Civismo 1 : (Record no. 8312)

MARC details
000 -CABECERA
campo de control de longitud fija 00589nam a2200205 a 4500
005 - FECHA Y HORA DE LA ÚLTIMA TRANSACCIÓN
campo de control 20240305063713.0
008 - ELEMENTOS DE LONGITUD FIJA--INFORMACIÓN GENERAL
campo de control de longitud fija 991125s1992 mx 000 0 spa u
020 ## - NÚMERO INTERNACIONAL NORMALIZADO PARA LIBROS
Número Internacional Estándar del Libro 9681842677
035 ## - NÚMERO DE CONTROL DEL SISTEMA
Número de control de sistema UPN01000008312
049 ## - COLECCIÓN
Colección LT
050 #4 - SIGNATURA TOPOGRÁFICA DE LA BIBLIOTECA DEL CONGRESO
Número de clasificación LB1644 M6.1
Número de documento/Ítem C49
245 00 - MENCIÓN DE TÍTULO
Título Civismo 1 :
Resto del título enseñanza media básica /
Mención de responsabilidad, etc. il. de Ana Ochoa
260 ## - PUBLICACIÓN, DISTRIBUCIÓN, ETC.
Lugar de publicación, distribución, etc. México :
Nombre del editor, distribuidor, etc. Limusa$bNoriega,
Fecha de publicación, distribución, etc. 1992
300 ## - DESCRIPCIÓN FÍSICA
Extensión 174 p. :
Otras características físicas il.
500 ## - NOTA GENERAL
Nota general "Modernización educativa"
650 #4 - ASIENTO SECUNDARIO DE MATERIA - TERMINO TEMATICO
Término de materia o nombre geográfico como elemento de entrada Civismo
Subdivisión general Estudio y enseñanza (Secundaria)
9 (RLIN) 1512
700 2# - ASIENTO SECUNDARIO--NOMBRE DE PERSONAL
Nombre de persona Ochoa, Ana,
Término indicativo de función/relación il.
904 ## - ELEMENTOS DE DATOS D LOCAL, LDD (RLIN)
a AC
b 008312
905 ## - TIPO DE MATERIAL
Tipo de material Libro
Holdings
Estado de retiro Estado de pérdida Fuente del sistema de clasificación o colocación Estado dañado No para préstamo Código de colección Localización permanente Ubicación/localización actual Ubicación en estantería Fecha de adquisición Enumeración/cronología de publicación seriada Clasificación Código de barras Fecha visto por última vez Número de copia Tipo de ítem Koha
    Library of Congress Classification   Disponible (Préstamo en sala) Libros de texto Bib. Gregorio Torres Quintero Bib. Gregorio Torres Quintero Colecciones especiales Planta alta 25/05/2023 - LB1644 M6.1 C49 104740 31/12/2020 1 Libro
    Library of Congress Classification   Disponible (Préstamo en sala) Libros de texto Bib. Gregorio Torres Quintero Bib. Gregorio Torres Quintero Colecciones especiales Planta alta 25/05/2023 - LB1644 M6.1 C49 104739 31/12/2020 1 Libro